Emil Nolde
Αποθηκεύτηκε σε:
| Κύριος συγγραφέας: | |
|---|---|
| Μορφή: | Βιβλίο |
| Γλώσσα: | Αγγλικά |
| Έκδοση: |
Nueva York
Harry N. Abrams
1959
|
| Θέματα: | |
| Ετικέτες: |
Προσθήκη ετικέτας
Δεν υπάρχουν, Καταχωρήστε ετικέτα πρώτοι!
|
MARC
| LEADER | 00000nam a2200000 a 4500 | ||
|---|---|---|---|
| 001 | UCY1265 | ||
| 003 | CL-VaPUC | ||
| 008 | 940825e19590000US |||||||||||||||||eng|d | ||
| 082 | 0 | 4 | |a 759.06 |b HAF |2 21 |
| 100 | 0 | |a Haftmann, Werner |e author |9 329217 | |
| 245 | 1 | 0 | |a Emil Nolde |
| 300 | |a 44 p | ||
| 942 | |c BK | ||
| 945 | |d 19940825 00:00:00 |a oaravena | ||
| 260 | |a Nueva York |b Harry N. Abrams |c 1959 | ||
| 650 | 7 | |a EXPRESIONISMO |2 CL-VaPUC |9 268711 | |
| 650 | 7 | |a PINTURA SIGLO 20 |2 CL-VaPUC |9 266201 | |
| 650 | 0 | |a Obras ilustradas |9 265022 | |
| 583 | |a last modification |c 20160901 11:26:45 |k Rodrigo Vera | ||
| 999 | |c 230032 |d 230030 | ||
| 952 | |0 0 |1 0 |4 0 |6 759_060000000000000_HAF_1959 |7 0 |8 A |9 231852 |a BIBARQ |b BIBARQ |d 2019-11-15 |i 295172K |o 759.06 HAF 1959 |p 295172K |r 2025-01-20 |w 2019-11-15 |y BK |k ARQ | ||